<A> Robust search for determinants of price convergence in European Union – known “Suspects” or New “Villains”?
Hľadanie premenných ovplyvňujúcich porovnateľné cenové úrovne v EÚ pomocou Bayesovskej metódy (Bayesian Model Averaging).
Salvato in:
| Autore principale: | |
|---|---|
| Natura: | Capitolo di libro |
| Lingua: | inglese |
| Soggetti: | |
| Tags: |
Nessun Tag, puoi essere il primo ad aggiungerne!!
|
MARC
| LEADER | 00000naa a2200000 4500 | ||
|---|---|---|---|
| 001 | 0209619 | ||
| 005 | 20220715113255.8 | ||
| 041 | 0 | |a eng | |
| 044 | |a CZ | ||
| 245 | 1 | 0 | |a <A> Robust search for determinants of price convergence in European Union – known “Suspects” or New “Villains”? |c Václav Žďárek |
| 520 | |a Hľadanie premenných ovplyvňujúcich porovnateľné cenové úrovne v EÚ pomocou Bayesovskej metódy (Bayesian Model Averaging). | ||
| 610 | 2 | 0 | |a analýza komparatívna |
| 610 | 2 | 0 | |a Európska únia |
| 610 | 2 | 0 | |a modely ekonometrické |
| 610 | 2 | 0 | |a hladina cenová |
| 100 | 1 | |a Žďárek, Václav | |